1622 1361 1215 1844 1565 1814 1628 1034 1872 1822 1115 1789 1275 1728 1826 1173 1939 1996 1197 1938 1530 1283 1939 1066 1996 1384 1752 1251 1471 1215 2000 1743 1924 1093 1579 1884 1782 1267 1484 1530 1221 1591 1086 2000 1820 1854 1604 1758 1335 1648 1882 1022 1698 1383 1623 1661 1828 1817 1093 1471 1031 1733 1922 1161 1341 1170 1340 1887 1483 1219 1183 1952 1132 1926 1584 1139 1721 1250 1362 1899 1221 1928 1262 1599 1083 1853 1700 1279 1572 1058 1601 1772 1070 1965 1434 1136 1933 1215 1878 BCNSPRNW ULIB Ver.6.0+V

เปลี่ยนเป็นภาษาไทย

Change to English
 แสดงรายละเอียดบรรณานุกรม
  กลับหน้าหลัก

Brief Record : Get Marc (ISO 2709) : E-mail record : QR code < ปิดหน้าต่าง
LEADER : 00000nam 2200000uu 4500
001    13399120057
003     ULIB
008    110211s2552||||th 000 0 tha d
020    9744655593
020    9789744655592
041 0  tha
060 04 WY157.3^bด153ก
100 0  ดวงกมล ปิ่นเฉลียว
245 10 การพยาบาลมารดาที่ได้รับการผ่าตัดคลอดทางหน้าท้องการคลอดโดยใช้คีมและเครื่องดูดสูญญากาศ /^cดวงกมล ปิ่นเฉลี่ยว
250    พิมพ์ครั้งที่ 3
260    นนทบุรี :^bโครงการสวัสดิการวิชาการ สถาบันพระบรมราชชนก,^c2552
300    164 หน้า :^bภาพประกอบ ;^c27 ซม.
650  7 การคลอด
650  7 การผ่าท้องคลอด
650  7 การพยาบาลสูติศาสตร์
710 2  โครงการสวัสดิ์การวิชาการ สบช.
945    ^p150^l0^i028696
945    ^p150^l0^i028693
945    ^p150^l0^i028697
945    ^p150^l0^i032553
945    ^p150^l0^i032554
945    ^p150^l0^i032555
945    ^p150^l0^i032556
945    ^p150^l0^i032557
945    ^p150^l0^i028695
945    ^p150^l0^i020132
945    ^p150^l0^i018694
995    ทศพร
999 ^a ใช้งานได้ทุกระบบ
รายการนี้ยังไม่มีแท็ก
คุณยังไม่ได้ล็อกอิน คุณสามารถมีกิจกรรมร่วมกับเว็บไซต์ได้ แต่ต้องล็อกอินก่อน ::
  ล็อกอิน

รายการสื่อสารสนเทศ

ลำดับที่ ประเภท เลขเรียก/บาร์โค้ด สถานที่ สถานะ
1. Book การพยาบาล
Book การพยาบาล
WY157.3 ด153ก ฉ.10 
  Barcode: 028696
ห้องสมุดวิทยาเขตสวรรค์ประชารักษ์
►หนังสือทั่วไป
บนชั้น
2. Book การพยาบาล
Book การพยาบาล
WY157.3 ด153ก ฉ.10 
  Barcode: 020132
ห้องสมุดวิทยาเขตสวรรค์ประชารักษ์
►ส่วนจัดเก็บหนังสือเก่า สปร
บนชั้น
  ขอยืม
3. วิทยาศาสตร์การแพทย์ และสุขภาพ
วิทยาศาสตร์การแพทย์ และสุขภาพ
WY157.3 ด153ก ฉ.11 
  Barcode: 028697
ห้องสมุดวิทยาเขตสวรรค์ประชารักษ์
►หนังสือทั่วไป
บนชั้น
4. Book การพยาบาล
Book การพยาบาล
WY157.3 ด153ก ฉ.11 
  Barcode: 018694
ห้องสมุดวิทยาเขตสวรรค์ประชารักษ์
►ส่วนจัดเก็บหนังสือเก่า สปร
บนชั้น
  ขอยืม
5. วิทยาศาสตร์การแพทย์ และสุขภาพ
วิทยาศาสตร์การแพทย์ และสุขภาพ
WY157.3 ด153ก ฉ.4 
  Barcode: 032556
ห้องสมุดวิทยาเขตสวรรค์ประชารักษ์
►ส่วนจัดเก็บหนังสือเก่า สปร
บนชั้น
  ขอยืม
6. วิทยาศาสตร์การแพทย์ และสุขภาพ
วิทยาศาสตร์การแพทย์ และสุขภาพ
WY157.3 ด153ก ฉ.5 
  Barcode: 032557
ห้องสมุดวิทยาเขตสวรรค์ประชารักษ์
►ส่วนจัดเก็บหนังสือเก่า สปร
บนชั้น
  ขอยืม
7. วิทยาศาสตร์การแพทย์ และสุขภาพ
วิทยาศาสตร์การแพทย์ และสุขภาพ
WY157.3 ด153ก ฉ.7 
  Barcode: 028693
ห้องสมุดวิทยาเขตสวรรค์ประชารักษ์
►หนังสือทั่วไป
บนชั้น
8. วิทยาศาสตร์การแพทย์ และสุขภาพ
วิทยาศาสตร์การแพทย์ และสุขภาพ
WY157.3 ด153ก ฉ.9 
  Barcode: 028695
ห้องสมุดวิทยาเขตสวรรค์ประชารักษ์
►หนังสือทั่วไป
บนชั้น

รายการใกล้เคียง
    ผู้แต่ง [ดวงกมล ปิ่นเฉลียว]

    หัวเรื่อง [การคลอด]
    หัวเรื่อง [การผ่าท้องคลอด]
    หัวเรื่อง [การพยาบาลสูติศาสตร์]

BibComment


ยังไม่เคยถูกคอมเมนท์

คอมเมนท์ทรัพยากรรายการนี้
  คอมเมนท์: การพยาบาลมารดาที่..


 Copyright 2026. Bcnsprnw @Library